000 00485nam a2200145Ia 4500
008 240729s9999 xx 000 0 und d
022 _a2659-1499
245 0 _aJournal of Applied Sciences and Environmental Management
260 _aNigeria
260 _bJoint Coordination Centre of the World Bank assisted National Agricultural Research Programme (NARP)
650 _aScience
856 _uhttps://doaj.org/toc/b2ccb5c7020a4ca0b6df29c4ab35b6a7
942 _2ddc
942 _cDOAJEJ
999 _c66952
_d66952
945 _a1
_bMadushi Gamage
_c1
_dMadushi Gamage